[Event "Travnik op"]
[Site "Travnik"]
[Date "2023.07.28"]
[Round "3"]
[White "Musovic, Armin"]
[Black "Jovovic, Milan"]
[Result "1-0"]
[WhiteElo "2265"]
[BlackElo "2033"]
[PlyCount "43"]
[EventDate "2023.07.27"]
[EventType "swiss"]
[EventRounds "7"]
[EventCountry "BIH"]
[SourceTitle "EXT 2024"]
[Source "ChessBase"]
[SourceDate "2023.10.10"]
[SourceVersion "1"]
[SourceVersionDate "2023.10.10"]
[SourceQuality "1"]

1. e4 c5 2. c3 d5 3. exd5 Qxd5 4. Na3 e5 5. Nf3 e4 6. Bc4 Qf5 7. Nh4 Qe5 8. 0-0 Be7 9. f4 Qd6 10. Nb5 Qd8 11. Qh5 Nh6 12. g3 a6 13. Na3 Bxh4 14. gxh4 0-0 15. f5 b5 16. f6 bxc4 17. Qg5 Qxf6 18. Rxf6 Kh8 19. Rxh6 gxh6 20. Qf6+ Kg8 21. d4 Nd7 22. Qc6 1-0

[Event "Sarajevo Bosna op 51st"]
[Site "Sarajevo"]
[Date "2022.12.06"]
[Round "6"]
[White "Jovovic, Milan"]
[Black "Strinic, Halid"]
[Result "1-0"]
[WhiteElo "2041"]
[BlackElo "2113"]
[PlyCount "119"]
[EventDate "2022.12.02"]
[EventType "swiss"]
[EventRounds "7"]
[EventCountry "BIH"]
[SourceTitle "CBM 211 Extra"]
[Source "ChessBase"]
[SourceDate "2023.01.31"]
[SourceVersion "1"]
[SourceVersionDate "2023.01.31"]
[SourceQuality "1"]

1. d4 Nf6 2. Bf4 d6 3. e3 Nbd7 4. Nf3 Nh5 5. Bg5 h6 6. Bh4 g5 7. Nfd2 Ng7 8. Bg3 Nf5 9. Bc4 Nf6 10. Qf3 Bg7 11. h3 Nxg3 12. Qxg3 d5 13. Bd3 Qd6 14. Qxd6 cxd6 15. Nc3 e6 16. 0-0-0 a6 17. Kb1 b5 18. a3 e5 19. Nb3 e4 20. Be2 h5 21. f3 exf3 22. Bxf3 Be6 23. g3 Rc8 24. Nc1 g4 25. hxg4 hxg4 26. Rxh8+ Bxh8 27. Bg2 Bg7 28. Rh1 Kd7 29. Nd3 Re8 30. Nf4 Ne4 31. Nxe4 dxe4 32. Bxe4 f5 33. Rh7 Re7 34. Bd5 Bxd5 35. Nxd5 Rf7 36. Kc1 Kc6 37. Nf4 Re7 38. Kd2 d5 39. Nh5 Bf8 40. Rxe7 Bxe7 41. Ng7 Bg5 42. Nxf5 Kd7 43. Ng7 Bd8 44. Nh5 Ke6 45. Nf4+ Kf5 46. Kd3 Bc7 47. Ne2 Bd6 48. Nf4 a5 49. c3 a4 50. Nxd5 Bxg3 51. e4+ Kg5 52. Ke2 Bh4 53. Kf1 Kg6 54. Nc7 Kg5 55. Kg2 Kf4 56. e5 Ke4 57. Nxb5 Kd5 58. Nc7+ Kc6 59. Ne6 Kd5 60. Nc5 1-0

[Event "Tuzla op 16th"]
[Site "Tuzla"]
[Date "2022.11.27"]
[Round "6"]
[White "Culum, Sanjin"]
[Black "Jovovic, Milan"]
[Result "1/2-1/2"]
[WhiteElo "2237"]
[BlackElo "2022"]
[PlyCount "51"]
[EventDate "2022.11.24"]
[EventType "swiss"]
[EventRounds "7"]
[EventCountry "BIH"]
[SourceTitle "CBM 211 Extra"]
[Source "ChessBase"]
[SourceDate "2023.01.31"]
[SourceVersion "1"]
[SourceVersionDate "2023.01.31"]
[SourceQuality "1"]

1. e4 c5 2. Nf3 d6 3. d4 cxd4 4. Nxd4 Nf6 5. Nc3 a6 6. Bg5 e6 7. f4 Be7 8. Qf3 Qc7 9. 0-0-0 Nbd7 10. g4 Rb8 11. Bxf6 Nxf6 12. g5 Nd7 13. f5 Bxg5+ 14. Kb1 Ne5 15. Qh5 Bf6 16. Nxe6 Bxe6 17. fxe6 g6 18. Qh3 Rc8 19. exf7+ Kxf7 20. Be2 Kg7 21. Rhf1 Rhf8 22. Qe6 Nc4 23. e5 Bxe5 24. Rxf8 Na3+ 25. Ka1 Qxc3 26. Qe7+ 1/2-1/2

[Event "Lukavac op 8th"]
[Site "Lukavac"]
[Date "2019.11.22"]
[Round "1"]
[White "Osmic, Enis"]
[Black "Jovovic, Milan"]
[Result "0-1"]
[WhiteElo "1552"]
[BlackElo "2061"]
[PlyCount "66"]
[EventDate "2019.11.22"]
[EventType "swiss"]
[EventRounds "7"]
[EventCountry "BIH"]
[SourceTitle "CBM 193 Extra"]
[Source "ChessBase"]
[SourceDate "2020.01.31"]
[SourceVersion "1"]
[SourceVersionDate "2020.01.31"]
[SourceQuality "1"]

1. e4 c5 2. Nf3 d6 3. Nc3 a6 4. d4 cxd4 5. Nxd4 Nf6 6. Be3 e6 7. Be2 Be7 8. 0-0 Nc6 9. f4 Qc7 10. Nxc6 bxc6 11. Bf3 d5 12. exd5 cxd5 13. f5 0-0 14. Bg5 Qb6+ 15. Kh1 Qxb2 16. Qd3 Qb6 17. fxe6 fxe6 18. Rab1 Qd6 19. Bxf6 Bxf6 20. Nxd5 exd5 21. Bxd5+ Be6 22. Bxa8 Qxd3 23. cxd3 Rxa8 24. Rb6 Bxa2 25. Rd1 a5 26. d4 a4 27. d5 Bb3 28. Rd3 Rd8 29. Kg1 Bc4 30. Rd2 Bc3 31. Rd1 Be2 32. Rbb1 Bxd1 33. Rxd1 a3 0-1

[Event "Sarajevo Bosna op 48th"]
[Site "Sarajevo"]
[Date "2018.05.06"]
[Round "2"]
[White "Erceg, Slobodan"]
[Black "Jovovic, Milan"]
[Result "1-0"]
[WhiteElo "1791"]
[BlackElo "2042"]
[PlyCount "35"]
[EventDate "2018.05.05"]
[EventType "swiss"]
[EventRounds "9"]
[EventCountry "BIH"]
[SourceTitle "CBM 184 Extra"]
[Source "ChessBase"]
[SourceDate "2018.06.28"]
[SourceVersion "1"]
[SourceVersionDate "2018.06.28"]
[SourceQuality "1"]

1. Nf3 Nf6 2. g3 c5 3. Bg2 Nc6 4. 0-0 b6 5. d4 cxd4 6. Nxd4 Bb7 7. Nc3 g6 8. Bf4 Qc8 9. Ndb5 d6 10. Bg5 Nd7 11. Nd5 f6 12. Ndc7+ Kf7 13. Qd5+ Kg7 14. Ne6+ Kf7 15. Nbc7 fxg5 16. Nxg5+ Kf6 17. Qf7+ Kxg5 18. Qf4+ 1-0

[Event "Sarajevo Bosna op 47th"]
[Site "Sarajevo"]
[Date "2017.05.16"]
[Round "6"]
[White "Jovovic, Milan"]
[Black "Vrce, Anes"]
[Result "1-0"]
[WhiteElo "2032"]
[BlackElo "1648"]
[PlyCount "70"]
[EventDate "2017.05.13"]
[EventType "swiss"]
[EventRounds "9"]
[EventCountry "BIH"]
[SourceTitle "CBM 178 Extra"]
[Source "ChessBase"]
[SourceDate "2017.06.22"]
[SourceVersion "1"]
[SourceVersionDate "2017.06.22"]
[SourceQuality "1"]

1. d4 Nf6 2. Bf4 d6 3. e3 g6 4. Nd2 Bg7 5. Ngf3 0-0 6. c3 Bg4 7. h3 Bxf3 8. Qxf3 d5 9. g4 e6 10. h4 h5 11. Bh3 Nc6 12. Bg5 e5 13. gxh5 e4 14. Qg2 Qd6 15. Bf4 Qe7 16. hxg6 Nh5 17. gxf7+ Rxf7 18. Bg5 Qd6 19. Bg4 Qg6 20. Qh3 Re8 21. Rg1 Nd8 22. Bxd8 Rxd8 23. Ke2 Qa6+ 24. Ke1 Qg6 25. Rg2 Rd6 26. Ke2 Kh8 27. Rag1 b6 28. Ke1 c5 29. Bd7 Qh6 30. Be8 Re7 31. Qc8 Kh7 32. Qf5+ Kh8 33. Bxh5 Qf6 34. Qc8+ Kh7 35. Bg6+ Kh6 1-0

[Event "Lukavac op 5th"]
[Site "Lukavac"]
[Date "2016.11.27"]
[Round "6"]
[White "Jovovic, Milan"]
[Black "Trkulja, Goran"]
[Result "0-1"]
[WhiteElo "1974"]
[BlackElo "2301"]
[PlyCount "86"]
[EventDate "2016.11.24"]
[EventType "swiss"]
[EventRounds "7"]
[EventCountry "BIH"]
[SourceTitle "EXT 2019"]
[Source "ChessBase"]
[SourceDate "2018.10.10"]
[SourceVersion "1"]
[SourceVersionDate "2018.10.10"]
[SourceQuality "1"]

1. d4 c5 2. d5 e5 3. c4 d6 4. Nc3 Be7 5. f4 exf4 6. Bxf4 Nf6 7. e4 0-0 8. Be2 Nbd7 9. h3 Re8 10. Qc2 a6 11. g4 Nf8 12. 0-0-0 Ng6 13. Bg3 Nd7 14. Nf3 Nde5 15. Nxe5 Nxe5 16. Bxe5 Bg5+ 17. Kb1 Rxe5 18. Bd3 Bd7 19. Rdf1 h6 20. Qf2 Bf6 21. Ne2 b5 22. Ng3 bxc4 23. Bxc4 Re7 24. Nf5 Bxf5 25. exf5 Rb8 26. b3 Qa5 27. Rc1 Bd4 28. Qh2 Qa3 29. Rhe1 Be5 30. Qd2 a5 31. Rxe5 Rxe5 32. f6 a4 33. fxg7 axb3 34. axb3 Rxb3+ 35. Bxb3 Qxb3+ 36. Ka1 Re4 37. Rc2 Ra4+ 38. Ra2 Rxa2+ 39. Qxa2 Qxa2+ 40. Kxa2 Kxg7 41. h4 Kf6 42. Kb3 Ke5 43. Kc4 f6 0-1

[Event "Lukavac op 5th"]
[Site "Lukavac"]
[Date "2016.11.26"]
[Round "4"]
[White "Buljubasic, Sabahudin"]
[Black "Jovovic, Milan"]
[Result "0-1"]
[WhiteElo "2361"]
[BlackElo "1974"]
[PlyCount "64"]
[EventDate "2016.11.24"]
[EventType "swiss"]
[EventRounds "7"]
[EventCountry "BIH"]
[SourceTitle "EXT 2019"]
[Source "ChessBase"]
[SourceDate "2018.10.10"]
[SourceVersion "1"]
[SourceVersionDate "2018.10.10"]
[SourceQuality "1"]

1. e4 c5 2. Nf3 d6 3. d4 cxd4 4. Nxd4 Nf6 5. Nc3 a6 6. Bc4 e6 7. Bb3 b5 8. Bg5 Nbd7 9. 0-0 Nc5 10. Re1 Bb7 11. Bd5 exd5 12. exd5+ Kd7 13. b4 Na4 14. Nxa4 bxa4 15. c4 Kc8 16. Qxa4 Qd7 17. Nc6 Ng4 18. Re8+ Qxe8 19. Na7+ Kc7 20. Qa5+ Kb8 21. Nc6+ Bxc6 22. dxc6 Qxc6 23. Rb1 Qc7 24. Qf5 Ne5 25. b5 a5 26. c5 f6 27. Be3 dxc5 28. b6 Qd7 29. Qh5 g6 30. Qe2 Qd3 31. Qe1 c4 32. Bf4 Bb4 0-1

[Event "Sarajevo Bosna op 45th"]
[Site "Sarajevo"]
[Date "2015.06.05"]
[Round "9"]
[White "Szostko, Jakub"]
[Black "Jovovic, Milan"]
[Result "1-0"]
[WhiteElo "2153"]
[BlackElo "1991"]
[PlyCount "75"]
[EventDate "2015.05.30"]
[EventType "swiss"]
[EventRounds "9"]
[EventCountry "BIH"]
[SourceTitle "CBM 166 Extra"]
[Source "ChessBase"]
[SourceDate "2015.06.18"]
[SourceVersion "1"]
[SourceVersionDate "2015.06.18"]
[SourceQuality "1"]

1. e4 c5 2. Nf3 d6 3. d4 cxd4 4. Nxd4 Nf6 5. Nc3 a6 6. Bg5 e6 7. f4 Nbd7 8. Qe2 Be7 9. 0-0-0 0-0 10. g4 b5 11. Nc6 Qe8 12. Nxe7+ Qxe7 13. e5 Bb7 14. Bxf6 gxf6 15. exd6 Qd8 16. Bg2 Bxg2 17. Qxg2 Qb6 18. Ne4 Qe3+ 19. Kb1 Qxf4 20. g5 Kh8 21. Rhf1 Qh4 22. Nxf6 Rad8 23. Rd3 Nxf6 24. gxf6 Rg8 25. Qd2 Rd7 26. a3 Qc4 27. Rd1 Qh4 28. Qc3 Rgd8 29. Qe5 Rg8 30. Rg3 Rg6 31. Rxg6 hxg6 32. Rd4 Qh5 33. Qg3 Kg8 34. Qc3 Kh7 35. Qc8 e5 36. Qxd7 exd4 37. Qxf7+ Kh6 38. d7 1-0

[Event "Sarajevo Bosna op-B 44th"]
[Site "Sarajevo"]
[Date "2014.06.06"]
[Round "9"]
[White "Jovovic, Milan"]
[Black "Muratovic, Enver"]
[Result "0-1"]
[WhiteElo "2022"]
[BlackElo "2281"]
[PlyCount "40"]
[EventDate "2014.05.30"]
[EventType "swiss"]
[EventRounds "9"]
[EventCountry "BIH"]
[SourceTitle "CBM 160 Extra"]
[Source "ChessBase"]
[SourceDate "2014.07.01"]
[SourceVersion "1"]
[SourceVersionDate "2014.07.01"]
[SourceQuality "1"]

1. d4 d5 2. Nf3 e6 3. g3 Bd6 4. Bg2 Nf6 5. 0-0 0-0 6. b3 Nbd7 7. Bb2 b5 8. Re1 Bb7 9. Qd3 a6 10. c4 dxc4 11. bxc4 bxc4 12. Qxc4 Rb8 13. Qc3 Bxf3 14. Qxf3 Rxb2 15. e4 e5 16. Rd1 exd4 17. Nd2 Ne5 18. Qf5 g6 19. Qf4 Nh5 20. Qh6 Ng4 0-1

[Event "Sarajevo Bosna op-B 44th"]
[Site "Sarajevo"]
[Date "2014.06.01"]
[Round "4"]
[White "Jelecevic, Ivo"]
[Black "Jovovic, Milan"]
[Result "1-0"]
[WhiteElo "2153"]
[BlackElo "2022"]
[PlyCount "65"]
[EventDate "2014.05.30"]
[EventType "swiss"]
[EventRounds "9"]
[EventCountry "BIH"]
[SourceTitle "CBM 160 Extra"]
[Source "ChessBase"]
[SourceDate "2014.07.01"]
[SourceVersion "1"]
[SourceVersionDate "2014.07.01"]
[SourceQuality "1"]

1. e4 c5 2. Nf3 d6 3. d4 cxd4 4. Qxd4 Nc6 5. Bb5 Bd7 6. Bxc6 Bxc6 7. Nc3 e6 8. Bg5 Nf6 9. 0-0-0 Be7 10. Qd3 Qa5 11. h4 Rc8 12. Nd4 0-0 13. f4 Rfe8 14. f5 Qe5 15. Rde1 a6 16. Rhf1 Bd7 17. Nb3 Nh5 18. g4 Rxc3 19. Qxc3 Qxc3 20. bxc3 Nf6 21. Rg1 Rc8 22. Kb2 Rc4 23. Nd2 Ra4 24. c4 h6 25. Bf4 Bc6 26. g5 hxg5 27. hxg5 Nd7 28. Re3 Nc5 29. f6 Bf8 30. Rh1 Nxe4 31. Nxe4 gxf6 32. gxf6 Bxe4 33. Rxe4 1-0

[Event "BIH-chT 12th"]
[Site "Sarajevo"]
[Date "2013.06.18"]
[Round "4.1"]
[White "Jovovic, Milan"]
[Black "Miskic, Sejfudin"]
[Result "1/2-1/2"]
[WhiteElo "1879"]
[BlackElo "2159"]
[PlyCount "120"]
[EventDate "2013.06.15"]
[EventType "team-tourn"]
[EventRounds "9"]
[EventCountry "BIH"]
[SourceTitle "CBM 155 Extra"]
[Source "ChessBase"]
[SourceDate "2013.08.26"]
[SourceVersion "1"]
[SourceVersionDate "2013.08.26"]
[SourceQuality "1"]
[WhiteTeam "Sarajevo Slavija"]
[BlackTeam "Zenica Celik"]
[WhiteTeamCountry "BIH"]
[BlackTeamCountry "BIH"]

1. d4 Nf6 2. Nf3 g6 3. c4 Bg7 4. Nc3 d5 5. e3 0-0 6. Bd3 c5 7. dxc5 Qa5 8. Qa4 Qxc5 9. b4 Qc6 10. Nd4 Qxa4 11. Nxa4 Nc6 12. Nxc6 bxc6 13. Rb1 dxc4 14. Bc2 Nd5 15. e4 Nc3 16. Nxc3 Bxc3+ 17. Bd2 Bd4 18. Ba4 c5 19. bxc5 Be6 20. Be3 Bxe3 21. fxe3 Rfd8 22. c6 Rd3 23. c7 Rc8 24. Rb8 Kg7 25. Rxc8 Bxc8 26. 0-0 c3 27. Rc1 Rxe3 28. Bc6 f5 29. exf5 gxf5 30. Kf2 f4 31. Ba4 Kf6 32. Rd1 Re4 33. Bb3 Ba6 34. Rc1 Re3 35. g3 Kg5 36. h4+ Kf5 37. Bc2+ Ke5 38. gxf4+ Kxf4 39. Re1 Rxe1 40. Kxe1 h6 41. h5 Ke3 42. Bf5 Bc8 43. Bg6 Bg4 44. Bc2 e5 45. Bb1 e4 46. Bc2 Kd4 47. Bd1 Bc8 48. Ke2 Ba6+ 49. Ke1 e3 50. Bc2 Bc8 51. Ke2 Bg4+ 52. Ke1 Kc4 53. Bd1 Bc8 54. Ke2 Kd4 55. Bc2 Ba6+ 56. Ke1 Kc4 57. Ke2 Kd4+ 58. Ke1 Bc8 59. Ke2 Bg4+ 60. Ke1 a5 1/2-1/2

[Event "Sarajevo Bosna op-B 43rd"]
[Site "Sarajevo"]
[Date "2013.06.08"]
[Round "9"]
[White "Jovovic, Milan"]
[Black "Sadikovic, Jasmin"]
[Result "1/2-1/2"]
[WhiteElo "1879"]
[BlackElo "2081"]
[PlyCount "176"]
[EventDate "2013.06.01"]
[EventType "swiss"]
[EventRounds "9"]
[EventCountry "BIH"]
[SourceTitle "CBM 154 Extra"]
[Source "ChessBase"]
[SourceDate "2013.06.25"]
[SourceVersion "2"]
[SourceVersionDate "2013.06.25"]
[SourceQuality "1"]

1. d4 Nf6 2. c4 e6 3. Nf3 d5 4. e3 c5 5. Nc3 Be7 6. cxd5 Nxd5 7. Bb5+ Bd7 8. Bxd7+ Nxd7 9. Nxd5 exd5 10. dxc5 Nxc5 11. 0-0 0-0 12. b3 Bf6 13. Nd4 Re8 14. Bb2 Qb6 15. Rb1 Rad8 16. Nf5 Qe6 17. Bxf6 Qxf6 18. Qd4 Qxf5 19. Qxc5 b6 20. Qd4 Re4 21. Qd3 Qe5 22. Rfd1 Rh4 23. g3 Rh6 24. Qe2 Qf5 25. Rbc1 Rhd6 26. Rd4 h5 27. Rc7 R8d7 28. Rc8+ Rd8 29. Rc7 R8d7 30. Qc2 Qxc2 31. Rxc2 f5 32. Kg2 Kf7 33. Kf3 Kf6 34. h4 Ke5 35. Ke2 Rg6 36. Rc8 Rgd6 37. Kd2 Rd8 38. Rc7 R6d7 39. Rc6 Rd6 40. Rc3 R8d7 41. Kc2 Rg6 42. Rc8 Rgd6 43. Kb2 Rd8 44. Rc2 R8d7 45. Ka3 Rg6 46. Rc8 Rg4 47. Re8+ Kf6 48. Kb4 Rc7 49. Ra8 Re4 50. a4 Ke5 51. Re8+ Kd6 52. Rd8+ Rd7 53. Rxd7+ Kxd7 54. Kb5 Re5 55. Ka6 Kc6 56. b4 Re7 57. Rd2 Re4 58. Rd4 Re7 59. a5 bxa5 60. bxa5 Re4 61. Rd2 Rc4 62. Rb2 Ra4 63. Rb8 Ra2 64. Rc8+ Kd7 65. Rg8 Rxf2 66. Kxa7 Re2 67. Rxg7+ Kd6 68. a6 Rxe3 69. Kb8 Re8+ 70. Kb7 d4 71. Rg6+ Kc5 72. a7 Re7+ 73. Kb8 Re8+ 74. Kb7 Re7+ 75. Ka6 Re8 76. Rg7 d3 77. Rd7 Re6+ 78. Kb7 Rb6+ 79. Kc8 Rc6+ 80. Rc7 Rxc7+ 81. Kxc7 d2 82. a8Q d1Q 83. Qf8+ Kc4 84. Qxf5 Qe2 85. Qf4+ Kd5 86. Qg5+ Ke6 87. Qg6+ Ke7 88. Qd6+ Kf7 1/2-1/2

[Event "Sarajevo Bosna op-B 43rd"]
[Site "Sarajevo"]
[Date "2013.06.02"]
[Round "3"]
[White "Hadzovic, Amir"]
[Black "Jovovic, Milan"]
[Result "1-0"]
[WhiteElo "2212"]
[BlackElo "1879"]
[PlyCount "64"]
[EventDate "2013.06.01"]
[EventType "swiss"]
[EventRounds "9"]
[EventCountry "BIH"]
[SourceTitle "CBM 154 Extra"]
[Source "ChessBase"]
[SourceDate "2013.06.25"]
[SourceVersion "2"]
[SourceVersionDate "2013.06.25"]
[SourceQuality "1"]

1. e4 c5 2. Nc3 d6 3. f4 a6 4. a4 Nf6 5. Bc4 e6 6. d3 Nbd7 7. Nf3 b6 8. 0-0 Bb7 9. Qe1 Qc7 10. f5 exf5 11. Ng5 Ne5 12. Rxf5 Nxc4 13. dxc4 0-0-0 14. a5 bxa5 15. Nd5 Bxd5 16. cxd5 h6 17. Nf3 Re8 18. Ra4 Qb6 19. b3 Be7 20. Bb2 Bd8 21. Nd2 Qb7 22. Qg3 Qd7 23. Qd3 Qb5 24. Qf3 h5 25. Bxf6 Bxf6 26. Nc4 Kc7 27. Qf4 Qd7 28. Rxa5 Ra8 29. Rxc5+ Kb7 30. Rc6 Bd4+ 31. Kf1 f6 32. Nxd6+ Ka7 1-0